[Event "Moscow Blondes-Brunettes m 12th"]
[Site "Moscow"]
[Date "2023.04.02"]
[Round "7.1"]
[White "Charochkina, Daria"]
[Black "Eryshkanova, Anastasiya"]
[Result "1-0"]
[WhiteElo "2340"]
[BlackElo "2221"]
[PlyCount "49"]
[EventDate "2023.04.02"]
[EventType "schev (blitz)"]
[EventRounds "9"]
[EventCountry "RUS"]
[SourceTitle "CBM 213 Extra"]
[Source "ChessBase"]
[SourceDate "2023.05.31"]
[SourceVersion "1"]
[SourceVersionDate "2023.05.31"]
[SourceQuality "1"]
[WhiteTeam "Brunettes"]
[BlackTeam "Blondes"]
[WhiteTeamCountry "RUS"]
[BlackTeamCountry "RUS"]

1. d4 d5 2. c4 e6 3. Nc3 c6 4. e3 Nf6 5. Nf3 Nbd7 6. Bd3 dxc4 7. Bxc4 b5 8. Bb3 Bd6 9. 0-0 0-0 10. Bc2 Bb7 11. a3 a6 12. e4 e5 13. Bg5 Qe7 14. dxe5 Nxe5 15. Nd4 Rad8 16. Nf5 Qe6 17. Bb3 Nc4 18. Qf3 Qe5 19. Nxd6 Nxd6 20. Bf4 Qe8 21. e5 c5 22. Qh3 Nde4 23. exf6 Nxf6 24. Rfe1 Qc6 25. Re7 1-0

[Event "Moscow Blondes-Brunettes m 12th"]
[Site "Moscow"]
[Date "2023.04.02"]
[Round "4.4"]
[White "Eryshkanova, Anastasiya"]
[Black "Lysenko, Margarita"]
[Result "0-1"]
[WhiteElo "2221"]
[BlackElo "2244"]
[PlyCount "60"]
[EventDate "2023.04.02"]
[EventType "schev (blitz)"]
[EventRounds "9"]
[EventCountry "RUS"]
[SourceTitle "CBM 213 Extra"]
[Source "ChessBase"]
[SourceDate "2023.05.31"]
[SourceVersion "1"]
[SourceVersionDate "2023.05.31"]
[SourceQuality "1"]
[WhiteTeam "Blondes"]
[BlackTeam "Brunettes"]
[WhiteTeamCountry "RUS"]
[BlackTeamCountry "RUS"]

1. e4 c5 2. Ne2 Nf6 3. Nbc3 d5 4. exd5 Nxd5 5. g3 Nxc3 6. Nxc3 h5 7. Qe2 h4 8. Bg2 Nc6 9. d3 Nd4 10. Qd1 e6 11. Be3 Be7 12. Bxd4 cxd4 13. Ne2 Qb6 14. Qc1 Bd7 15. c4 dxc3 16. bxc3 Bc6 17. Bxc6+ Qxc6 18. 0-0 Rd8 19. Nd4 Qd5 20. Qe3 Bc5 21. Rab1 b6 22. Rfe1 hxg3 23. fxg3 Bxd4 24. cxd4 Qxd4 25. Rbc1 Qxe3+ 26. Rxe3 Kd7 27. Rf3 f6 28. d4 Rc8 29. Re1 Rc2 30. Rf2 Rxf2 0-1

[Event "South Ural Cup-C"]
[Site "Cheliabinsk"]
[Date "2021.07.02"]
[Round "8"]
[White "Benderac, Ana"]
[Black "Eryshkanova, Anastasiya"]
[Result "1/2-1/2"]
[WhiteElo "2183"]
[BlackElo "2228"]
[PlyCount "142"]
[EventDate "2021.06.25"]
[EventType "tourn"]
[EventRounds "9"]
[EventCountry "RUS"]
[SourceTitle "CBM 203 Extra"]
[Source "ChessBase"]
[SourceDate "2021.09.30"]
[SourceVersion "1"]
[SourceVersionDate "2021.09.30"]
[SourceQuality "1"]

1. d4 d5 2. Nf3 Nf6 3. Bg5 Ne4 4. Bh4 c5 5. dxc5 Qa5+ 6. c3 Qxc5 7. Nbd2 Nc6 8. Nxe4 dxe4 9. Nd4 g5 10. Bg3 Bg7 11. e3 e5 12. Nb3 Qe7 13. h4 h6 14. hxg5 hxg5 15. Rxh8+ Bxh8 16. Qh5 Bg7 17. Bc4 Bf5 18. 0-0-0 Bg6 19. Qe2 Rd8 20. Bb5 Rxd1+ 21. Qxd1 Kf8 22. Qd5 Qc7 23. Nc5 Kg8 24. Nxb7 Nb4 25. Qd8+ Qxd8 26. Nxd8 Nd3+ 27. Bxd3 exd3 28. f3 f5 29. Nc6 f4 30. Bf2 Kf7 31. e4 g4 32. Kd2 gxf3 33. gxf3 Bh5 34. Kxd3 Bxf3 35. Bxa7 Bg2 36. Nd8+ Kg6 37. Ne6 Bf1+ 38. Kd2 Bf6 39. Bf2 Bg2 40. Nc5 Be7 41. b4 Bxc5 42. Bxc5 Bxe4 43. Bd6 Kf5 44. c4 Bg2 45. a4 e4 46. Bc5 Bf1 47. Kc3 e3 48. a5 Bg2 49. a6 Ke4 50. b5 Kf3 51. Be7 Ke2 52. b6 f3 53. b7 f2 54. b8Q f1Q 55. a7 Qe1+ 56. Kd4 Qa1+ 57. Kc5 Qa3+ 58. Kd4 Qxe7 59. Qb2+ Kd1 60. Qb1+ Ke2 61. Qb2+ Kf1 62. Qxg2+ Kxg2 63. a8Q+ Kf2 64. Qh1 e2 65. Qh2+ Ke1 66. Qg3+ Kd2 67. Qc3+ Kd1 68. Qa1+ Kc2 69. Qa2+ Kc1 70. Qa1+ Kd2 71. Qc3+ Kd1 1/2-1/2

[Event "South Ural Cup-C"]
[Site "Cheliabinsk"]
[Date "2021.06.27"]
[Round "3"]
[White "Nasybullina, Alfia"]
[Black "Eryshkanova, Anastasiya"]
[Result "1-0"]
[WhiteElo "2135"]
[BlackElo "2228"]
[PlyCount "75"]
[EventDate "2021.06.25"]
[EventType "tourn"]
[EventRounds "9"]
[EventCountry "RUS"]
[SourceTitle "CBM 203 Extra"]
[Source "ChessBase"]
[SourceDate "2021.09.30"]
[SourceVersion "1"]
[SourceVersionDate "2021.09.30"]
[SourceQuality "1"]

1. e4 c5 2. Nc3 Nc6 3. g3 g6 4. Bg2 Bg7 5. d3 e6 6. f4 d6 7. Nf3 Nge7 8. 0-0 0-0 9. Ne2 b6 10. g4 f5 11. gxf5 exf5 12. Ng3 Kh8 13. Ng5 d5 14. e5 h6 15. Nf3 d4 16. h4 Bb7 17. Bd2 Qe8 18. h5 Nd8 19. Bh3 Ne6 20. hxg6 Nxg6 21. Nh5 Rg8 22. Kh2 Qf7 23. Qe2 Raf8 24. Rg1 Kh7 25. Rg3 Bh8 26. Rag1 Ne7 27. Nh4 Rxg3 28. Rxg3 Rg8 29. Nxf5 Rxg3 30. Nfxg3 Nf8 31. Ne4 Qxa2 32. Nef6+ Bxf6 33. Nxf6+ Kg7 34. Ne8+ Kh8 35. Qg4 Neg6 36. Qh5 Kg8 37. Qxh6 Qf7 38. Nf6+ 1-0

[Event "RUS-chT (Women)"]
[Site "Sochi"]
[Date "2021.05.05"]
[Round "5.3"]
[White "Eryshkanova, Anastasiya"]
[Black "Shafigullina, Zarina"]
[Result "1/2-1/2"]
[WhiteElo "2192"]
[BlackElo "2293"]
[PlyCount "85"]
[EventDate "2021.05.01"]
[EventType "team-tourn"]
[EventRounds "9"]
[EventCountry "RUS"]
[SourceTitle "CBM 202 Extra"]
[Source "ChessBase"]
[SourceDate "2021.07.31"]
[SourceVersion "1"]
[SourceVersionDate "2021.07.31"]
[SourceQuality "1"]
[WhiteTeam "Cheliabinsk Yuzhnyy Ural (W) II"]
[BlackTeam "Tatarstan Ladya (W)"]
[WhiteTeamCountry "RUS"]
[BlackTeamCountry "RUS"]

1. e4 c5 2. Ne2 d6 3. g3 Nf6 4. Bg2 Nc6 5. c3 e6 6. d4 d5 7. e5 Nd7 8. 0-0 Be7 9. Nd2 cxd4 10. cxd4 0-0 11. Nf3 Nb6 12. Re1 Bd7 13. h4 Qc7 14. h5 a5 15. h6 g6 16. Bg5 Qd8 17. Bxe7 Qxe7 18. Nf4 Rac8 19. Nd3 Rc7 20. b3 Rfc8 21. Qd2 Be8 22. Bf1 Nd7 23. a3 Nb6 24. Qf4 Na7 25. a4 Nc6 26. Rec1 Nd7 27. Kg2 b6 28. Be2 Ndb8 29. Nh2 Qf8 30. Ng4 Kh8 31. Bf1 Ne7 32. Rxc7 Rxc7 33. Nf6 Ng8 34. g4 Rc8 35. Nxg8 Kxg8 36. Rc1 Rxc1 37. Nxc1 Bc6 38. Ne2 Nd7 39. Qc1 Qc8 40. Qg5 Qf8 41. Qc1 Qc8 42. Qg5 Qf8 43. Qc1 1/2-1/2

[Event "RUS-chT (Women)"]
[Site "Sochi"]
[Date "2021.05.03"]
[Round "3.3"]
[White "Eryshkanova, Anastasiya"]
[Black "Ushenina, Anna"]
[Result "1/2-1/2"]
[WhiteElo "2192"]
[BlackElo "2416"]
[PlyCount "80"]
[EventDate "2021.05.01"]
[EventType "team-tourn"]
[EventRounds "9"]
[EventCountry "RUS"]
[SourceTitle "CBM 202 Extra"]
[Source "ChessBase"]
[SourceDate "2021.07.31"]
[SourceVersion "1"]
[SourceVersionDate "2021.07.31"]
[SourceQuality "1"]
[WhiteTeam "Cheliabinsk Yuzhnyy Ural (W) II"]
[BlackTeam "Khanty Mansiysk Yugra (W)"]
[WhiteTeamCountry "RUS"]
[BlackTeamCountry "RUS"]

1. e4 c5 2. Ne2 Nc6 3. Nbc3 e6 4. d4 cxd4 5. Nxd4 Qc7 6. Qd3 Nf6 7. Nxc6 dxc6 8. Qg3 Qxg3 9. hxg3 e5 10. f3 Be6 11. Be3 Nd7 12. g4 Bc5 13. Bxc5 Nxc5 14. 0-0-0 Ke7 15. Be2 f6 16. Rd2 h6 17. a4 a5 18. Kb1 Rad8 19. Rxd8 Rxd8 20. Kc1 Bf7 21. Rd1 Rxd1+ 22. Kxd1 Kd6 23. Kd2 Nd7 24. Nd1 Kc5 25. Kc3 b5 26. b3 Nb6 27. Nb2 bxa4 28. Nxa4+ Nxa4+ 29. bxa4 Be6 30. Bf1 g6 31. Bd3 Bd7 32. g3 Be6 33. Be2 Bg8 34. Bd3 Be6 35. Be2 h5 36. gxh5 gxh5 37. Bf1 Bf7 38. Ba6 Be6 39. Bf1 Bf7 40. Ba6 Be6 1/2-1/2

[Event "Titled Tuesday intern op 16th Feb"]
[Site "Chess.com INT"]
[Date "2021.02.16"]
[Round "10"]
[White "Chylewski, Patryk"]
[Black "Eryshkanova, Anastasiya"]
[Result "1-0"]
[WhiteElo "2323"]
[BlackElo "2192"]
[PlyCount "109"]
[EventDate "2021.02.16"]
[EventType "swiss (blitz)"]
[EventRounds "11"]
[EventCountry "USA"]
[SourceTitle "EXT 2022"]
[Source "ChessBase"]
[SourceDate "2021.10.06"]
[SourceVersion "1"]
[SourceVersionDate "2021.10.06"]
[SourceQuality "1"]

1. d4 d5 2. c4 e6 3. Nf3 Nf6 4. g3 c6 5. Bg2 Be7 6. Qc2 0-0 7. 0-0 b6 8. Bf4 Bb7 9. Nbd2 Na6 10. Rac1 Rc8 11. Rfd1 h6 12. e4 c5 13. dxc5 Nxc5 14. exd5 exd5 15. Nd4 Bd6 16. Bxd6 Qxd6 17. Nf5 Qc7 18. cxd5 Bxd5 19. Bxd5 Nxd5 20. Nc4 Nf6 21. Ncd6 a5 22. Nxc8 Rxc8 23. b3 Rd8 24. Rxd8+ Qxd8 25. Rd1 Qc7 26. Qd2 g6 27. Qd8+ Qxd8 28. Rxd8+ Kh7 29. Nd6 Kg7 30. Rb8 Nfd7 31. Rc8 Kf6 32. Nc4 Ke7 33. Rc6 b5 34. Nxa5 b4 35. Nc4 Nd3 36. Rc7 Kd8 37. Rb7 Kc8 38. Nd6+ Kd8 39. Nxf7+ Kc8 40. Nd6+ Kd8 41. f4 N7c5 42. Rb5 Kc7 43. Nc4 Kc6 44. Rb6+ Kd5 45. Rxg6 Nc1 46. Rxh6 Nxa2 47. Rb6 Nxb3 48. Nb2 Nd4 49. h4 Kc5 50. Rb8 Ne2+ 51. Kf2 Nac3 52. h5 Nd4 53. Nd3+ Kc4 54. Nxb4 Ne4+ 55. Kg2 1-0

[Event "Titled Tuesday intern op 16th Feb"]
[Site "Chess.com INT"]
[Date "2021.02.16"]
[Round "7"]
[White "Starosta, Martyna"]
[Black "Eryshkanova, Anastasiya"]
[Result "0-1"]
[WhiteElo "1945"]
[BlackElo "2192"]
[PlyCount "64"]
[EventDate "2021.02.16"]
[EventType "swiss (blitz)"]
[EventRounds "11"]
[EventCountry "USA"]
[SourceTitle "EXT 2022"]
[Source "ChessBase"]
[SourceDate "2021.10.06"]
[SourceVersion "1"]
[SourceVersionDate "2021.10.06"]
[SourceQuality "1"]

1. d4 d5 2. c4 e6 3. Nc3 c6 4. cxd5 exd5 5. Nf3 Bf5 6. e3 Nf6 7. Bd3 Bxd3 8. Qxd3 Bd6 9. 0-0 0-0 10. b3 Re8 11. Bb2 Nbd7 12. Rfe1 Ne4 13. Ne2 Qf6 14. Ng3 Re6 15. Rad1 Rae8 16. a3 Qg6 17. b4 h5 18. Nh4 Qf6 19. Nf3 h4 20. Ne2 h3 21. Nf4 Bxf4 22. exf4 hxg2 23. Bc1 Qf5 24. Ne5 Rh6 25. Nxd7 Qxd7 26. f5 Qxf5 27. f3 Rh3 28. fxe4 dxe4 29. Re3 exd3 30. Rxe8+ Kh7 31. Kxg2 Qf3+ 32. Kg1 Qxd1+ 0-1

[Event "Titled Tuesday intern op 02nd Feb"]
[Site "Chess.com INT"]
[Date "2021.02.02"]
[Round "5"]
[White "Grieve, Harry"]
[Black "Eryshkanova, Anastasiya"]
[Result "0-1"]
[WhiteElo "2351"]
[BlackElo "2192"]
[PlyCount "56"]
[EventDate "2021.02.02"]
[EventType "swiss (blitz)"]
[EventRounds "11"]
[EventCountry "USA"]
[SourceTitle "CBM 200 Extra"]
[Source "ChessBase"]
[SourceDate "2021.03.31"]
[SourceVersion "1"]
[SourceVersionDate "2021.03.31"]
[SourceQuality "1"]

1. d4 d5 2. Nf3 Nf6 3. Bg5 Ne4 4. Bf4 c5 5. c3 Nc6 6. Nbd2 Nxd2 7. Qxd2 cxd4 8. Nxd4 g6 9. 0-0-0 Bg7 10. Nxc6 bxc6 11. e3 0-0 12. Bd3 e5 13. Bg3 Rb8 14. Kb1 Be6 15. Ka1 Qa5 16. Bb1 Rb6 17. e4 Rfb8 18. Rhe1 Rxb2 19. Qxb2 Rxb2 20. Kxb2 d4 21. cxd4 exd4 22. Bd3 Qxa2+ 23. Kc1 Bf8 24. Rd2 Qa1+ 25. Bb1 Ba3+ 26. Kc2 Qb2+ 27. Kd3 Bc4+ 28. Kxc4 Qc3# 0-1

[Event "Titled Tuesday intern op 24th Nov"]
[Site "Chess.com INT"]
[Date "2020.11.24"]
[Round "6"]
[White "Eryshkanova, Anastasiya"]
[Black "Kusa, Jakub"]
[Result "0-1"]
[WhiteElo "2192"]
[BlackElo "2336"]
[PlyCount "100"]
[EventDate "2020.11.24"]
[EventType "swiss (blitz)"]
[EventRounds "11"]
[EventCountry "USA"]
[SourceTitle "CBM 199 Extra"]
[Source "ChessBase"]
[SourceDate "2021.01.31"]
[SourceVersion "1"]
[SourceVersionDate "2021.01.31"]
[SourceQuality "1"]

1. e4 e5 2. Nf3 Nc6 3. d4 exd4 4. Nxd4 Nf6 5. Nc3 Bb4 6. Nxc6 bxc6 7. Qd4 Qe7 8. f3 h6 9. Be3 c5 10. Qd3 d5 11. a3 Bxc3+ 12. bxc3 dxe4 13. Qb5+ Bd7 14. Qxc5 exf3 15. Qxe7+ Kxe7 16. Bc5+ Ke6 17. gxf3 Bc6 18. Kf2 Rhe8 19. Rd1 Nd5 20. Bc4 Rad8 21. Rhe1+ Kf6 22. Rxe8 Rxe8 23. Bxd5 Bxd5 24. Rxd5 Rb8 25. Bxa7 Rb2 26. Rd2 Rb5 27. Bd4+ Kf5 28. Rd1 Ra5 29. Ra1 g5 30. Ke3 f6 31. c4 Ra4 32. Kd3 Kf4 33. Bc5 f5 34. Rf1 h5 35. Bb4 Ke5 36. Rg1 g4 37. Ke3 c5 38. Bxc5 Rxc4 39. f4+ Kd5 40. Bb4 Rxc2 41. Rd1+ Ke6 42. a4 Rb2 43. Bc3 Ra2 44. a5 Rxh2 45. Ra1 g3 46. Kf3 Rc2 47. Be5 g2 48. a6 Ra2 49. Rxa2 g1Q 50. a7 Qf1+ 0-1

[Event "Titled Tuesday intern op 24th Nov"]
[Site "Chess.com INT"]
[Date "2020.11.24"]
[Round "11"]
[White "Eryshkanova, Anastasiya"]
[Black "Urh, Zala"]
[Result "1-0"]
[WhiteElo "2192"]
[BlackElo "2149"]
[PlyCount "61"]
[EventDate "2020.11.24"]
[EventType "swiss (blitz)"]
[EventRounds "11"]
[EventCountry "USA"]
[SourceTitle "CBM 199 Extra"]
[Source "ChessBase"]
[SourceDate "2021.01.31"]
[SourceVersion "1"]
[SourceVersionDate "2021.01.31"]
[SourceQuality "1"]

1. e4 c5 2. Nf3 Nc6 3. d4 cxd4 4. Nxd4 Nf6 5. Nc3 e5 6. Ndb5 d6 7. Bg5 a6 8. Na3 b5 9. Nd5 Be7 10. Bxf6 Bxf6 11. c4 b4 12. Nc2 0-0 13. g3 a5 14. Bg2 Bg5 15. 0-0 Be6 16. f4 exf4 17. gxf4 Bh6 18. Nce3 Ne7 19. Qd4 Rc8 20. Rad1 f5 21. b3 fxe4 22. Bxe4 Nf5 23. Nxf5 Bxf5 24. Bxf5 Rxf5 25. Ne3 Rf6 26. Kh1 Rg6 27. Nf5 Rc5 28. Qxc5 Qe8 29. Qd5+ Kh8 30. Nxh6 Rxh6 31. Rde1 1-0

[Event "Titled Tuesday intern op 24th Nov"]
[Site "Chess.com INT"]
[Date "2020.11.24"]
[Round "9"]
[White "Kononenko, Dmitry1111"]
[Black "Eryshkanova, Anastasiya"]
[Result "1-0"]
[WhiteElo "2322"]
[BlackElo "2192"]
[PlyCount "109"]
[EventDate "2020.11.24"]
[EventType "swiss (blitz)"]
[EventRounds "11"]
[EventCountry "USA"]
[SourceTitle "CBM 199 Extra"]
[Source "ChessBase"]
[SourceDate "2021.01.31"]
[SourceVersion "1"]
[SourceVersionDate "2021.01.31"]
[SourceQuality "1"]

1. d4 d5 2. c4 e6 3. Nf3 c6 4. g3 dxc4 5. Bg2 b5 6. 0-0 Bb7 7. a4 Nf6 8. Ne5 Qc8 9. b3 cxb3 10. Qxb3 b4 11. Nd2 c5 12. Bb2 Bxg2 13. Kxg2 Qb7+ 14. Ndf3 a5 15. Rac1 Nbd7 16. Kg1 Rc8 17. Nxf7 Kxf7 18. Ng5+ Kg6 19. Qxe6 Qd5 20. Qa6 Kxg5 21. Qxc8 Kg6 22. dxc5 Nxc5 23. Rfd1 Qb3 24. Bxf6 gxf6 25. Qg4+ Kf7 26. Rd8 Ne6 27. Qh5+ Ke7 28. Rdc8 Qxa4 29. Qd5 Qd7 30. Qa8 Kf7 31. Qxa5 Kg6 32. Qa2 Bh6 33. Qb1+ Kg7 34. Rxh8 Kxh8 35. Rd1 Qe7 36. Qe4 Bf8 37. Rd5 Kg7 38. Rb5 Kf7 39. Rb6 Ng5 40. Qd5+ Kg7 41. Rb7 Qxb7 42. Qxb7+ Nf7 43. h4 h6 44. h5 Kg8 45. Kg2 Kg7 46. Qd5 Be7 47. Qb7 Bf8 48. g4 Bd6 49. f3 Be5 50. e3 Bc3 51. f4 Kg8 52. Kf3 Nd6 53. Qb8+ Kg7 54. Qxd6 f5 55. Qd7+ 1-0

[Event "Titled Tuesday intern op 17th Nov"]
[Site "Chess.com INT"]
[Date "2020.11.17"]
[Round "2"]
[White "Avila Pavas, Santiago"]
[Black "Eryshkanova, Anastasiya"]
[Result "0-1"]
[WhiteElo "2393"]
[BlackElo "2192"]
[PlyCount "64"]
[EventDate "2020.11.17"]
[EventType "swiss (blitz)"]
[EventRounds "11"]
[EventCountry "USA"]
[SourceTitle "CBM 199 Extra"]
[Source "ChessBase"]
[SourceDate "2021.01.31"]
[SourceVersion "1"]
[SourceVersionDate "2021.01.31"]
[SourceQuality "1"]

1. d4 d5 2. Bf4 e6 3. e3 Bd6 4. Bg3 Nf6 5. Nf3 c5 6. c3 Qc7 7. Nbd2 Nbd7 8. Bd3 0-0 9. e4 dxe4 10. Nxe4 Nxe4 11. Bxe4 Nf6 12. Bc2 Rd8 13. Qe2 b6 14. 0-0-0 Bb7 15. Bh4 Be7 16. Qe5 Qc6 17. Rhe1 Rac8 18. dxc5 Rxd1+ 19. Rxd1 Qxc5 20. Qxc5 Bxc5 21. Ne5 Bd5 22. c4 Be4 23. Bxe4 Nxe4 24. Rd7 f6 25. Nd3 e5 26. Rxa7 Bd4 27. b3 b5 28. Rb7 bxc4 29. bxc4 Rxc4+ 30. Kb1 Rc3 31. Nb4 Nd2+ 32. Kb2 Rc7+ 0-1

[Event "Titled Tuesday intern op 17th Nov"]
[Site "Chess.com INT"]
[Date "2020.11.17"]
[Round "3"]
[White "Eryshkanova, Anastasiya"]
[Black "Kashlinskaya, Alina"]
[Result "0-1"]
[WhiteElo "2192"]
[BlackElo "2494"]
[PlyCount "74"]
[EventDate "2020.11.17"]
[EventType "swiss (blitz)"]
[EventRounds "11"]
[EventCountry "USA"]
[SourceTitle "CBM 199 Extra"]
[Source "ChessBase"]
[SourceDate "2021.01.31"]
[SourceVersion "1"]
[SourceVersionDate "2021.01.31"]
[SourceQuality "1"]

1. e4 c6 2. d4 d5 3. exd5 cxd5 4. c3 Nc6 5. Bf4 Bf5 6. Bd3 Bxd3 7. Qxd3 e6 8. Nf3 Bd6 9. Bxd6 Qxd6 10. 0-0 Nf6 11. Nbd2 0-0 12. Rfe1 b5 13. b4 a5 14. a3 Rab8 15. Nb3 Ne4 16. Nc5 f5 17. Re2 Rf6 18. Ne1 Rh6 19. g3 Ng5 20. Qe3 f4 21. Qd3 Rf8 22. Nf3 fxg3 23. Nxg5 gxf2+ 24. Rxf2 Rxf2 25. Kxf2 Qxh2+ 26. Ke3 e5 27. Qf5 Qg3+ 28. Nf3 Rf6 29. Qc8+ Rf8 30. Qe6+ Kh8 31. Qxd5 Ne7 32. Qe4 Nf5+ 33. Kd3 Nd6 34. Qd5 Rxf3+ 35. Kc2 Qg2+ 36. Kb3 Rxc3+ 37. Kxc3 Qxd5 0-1

[Event "Titled Tuesday intern op 17th Nov"]
[Site "Chess.com INT"]
[Date "2020.11.17"]
[Round "1"]
[White "Gupta, Sankalp"]
[Black "Eryshkanova, Anastasiya"]
[Result "1-0"]
[WhiteElo "2429"]
[BlackElo "2192"]
[PlyCount "63"]
[EventDate "2020.11.17"]
[EventType "swiss (blitz)"]
[EventRounds "11"]
[EventCountry "USA"]
[SourceTitle "CBM 199 Extra"]
[Source "ChessBase"]
[SourceDate "2021.01.31"]
[SourceVersion "1"]
[SourceVersionDate "2021.01.31"]
[SourceQuality "1"]

1. e4 c6 2. Nf3 d5 3. Nc3 Bg4 4. Be2 e6 5. h3 Bxf3 6. Bxf3 Nf6 7. 0-0 Be7 8. d3 0-0 9. g3 Nbd7 10. Bg2 Qb6 11. Kh2 Rad8 12. f4 dxe4 13. dxe4 e5 14. f5 Nb8 15. Qe2 Qa6 16. Qf3 Nfd7 17. g4 f6 18. h4 b5 19. g5 b4 20. Ne2 c5 21. Ng3 Nc6 22. Qh5 fxg5 23. hxg5 Nd4 24. Rf2 g6 25. Qh4 Rf7 26. Be3 Rdf8 27. c3 Nb5 28. f6 Bd6 29. Bh3 bxc3 30. Be6 cxb2 31. Qh6 Nxf6 32. gxf6 1-0

[Event "Titled Tuesday intern op 10th Nov"]
[Site "Chess.com INT"]
[Date "2020.11.10"]
[Round "1"]
[White "Eryshkanova, Anastasiya"]
[Black "Lenaerts, Lennert"]
[Result "1-0"]
[WhiteElo "2192"]
[BlackElo "2357"]
[PlyCount "47"]
[EventDate "2020.11.10"]
[EventType "swiss (blitz)"]
[EventRounds "11"]
[EventCountry "USA"]
[SourceTitle "CBM 199 Extra"]
[Source "ChessBase"]
[SourceDate "2021.01.31"]
[SourceVersion "1"]
[SourceVersionDate "2021.01.31"]
[SourceQuality "1"]

1. e4 e5 2. Nf3 Nc6 3. d4 exd4 4. Nxd4 Nf6 5. Nc3 Bb4 6. Nxc6 bxc6 7. Qd4 Qe7 8. f3 d5 9. Bg5 c5 10. Bb5+ Kf8 11. Qd3 d4 12. 0-0-0 Be6 13. e5 dxc3 14. exf6 cxb2+ 15. Kb1 Qd6 16. Qe4 Bxa2+ 17. Kxa2 Qe6+ 18. Qxe6 fxe6 19. fxg7+ Kxg7 20. Rd7+ Kg6 21. Bf4 Rab8 22. Bd3+ Kf6 23. Bxc7 Rb7 24. Be5+ 1-0

[Event "Titled Tuesday intern op 03rd Nov"]
[Site "Chess.com INT"]
[Date "2020.11.03"]
[Round "2"]
[White "Eryshkanova, Anastasiya"]
[Black "Aslanov, Umid Fuad"]
[Result "0-1"]
[WhiteElo "2192"]
[BlackElo "2019"]
[PlyCount "118"]
[EventDate "2020.11.03"]
[EventType "swiss (blitz)"]
[EventRounds "11"]
[EventCountry "USA"]
[SourceTitle "CBM 199 Extra"]
[Source "ChessBase"]
[SourceDate "2021.01.31"]
[SourceVersion "1"]
[SourceVersionDate "2021.01.31"]
[SourceQuality "1"]

1. Nf3 d5 2. g3 c6 3. Bg2 Nf6 4. 0-0 g6 5. c4 Bg7 6. cxd5 cxd5 7. d4 0-0 8. a3 Nc6 9. b4 Bg4 10. Bf4 Ne4 11. h3 Bxf3 12. Bxf3 Nxd4 13. Ra2 Nxf3+ 14. exf3 Nc3 15. Nxc3 Bxc3 16. Qd3 Rc8 17. Rc2 Bg7 18. Rxc8 Qxc8 19. Qxd5 Rd8 20. Qa5 a6 21. Kg2 Qd7 22. Rc1 Rc8 23. Rxc8+ Qxc8 24. Qd5 h6 25. Be3 b5 26. Bc5 e6 27. Qd6 Bf8 28. Qxf8+ Qxf8 29. Bxf8 Kxf8 30. f4 Ke7 31. Kf3 Kd6 32. Ke4 f6 33. h4 Kc6 34. g4 Kd6 35. g5 fxg5 36. fxg5 hxg5 37. hxg5 e5 38. f3 Ke6 39. f4 exf4 40. Kxf4 Kd5 41. Kf3 Ke5 42. Ke3 Kf5 43. Kd4 Kxg5 44. Kc5 Kf5 45. Kb6 g5 46. Kxa6 g4 47. Kxb5 g3 48. Ka6 g2 49. b5 g1Q 50. b6 Qf1+ 51. Ka7 Qb5 52. b7 Qa5+ 53. Kb8 Ke6 54. Kc8 Qc5+ 55. Kd8 Qb6+ 56. Kc8 Qc6+ 57. Kb8 Kd7 58. a4 Qa6 59. a5 Kc6 0-1

[Event "Mediterranean Flower (Women) 20th"]
[Site "Rijeka"]
[Date "2020.03.06"]
[Round "8"]
[White "Eryshkanova, Anastasiya"]
[Black "Doluhanova, Evgeniya"]
[Result "1/2-1/2"]
[WhiteElo "2189"]
[BlackElo "2239"]
[PlyCount "166"]
[EventDate "2020.03.01"]
[EventType "tourn"]
[EventRounds "9"]
[EventCountry "CRO"]
[SourceTitle "CBM 195 Extra"]
[Source "ChessBase"]
[SourceDate "2020.05.31"]
[SourceVersion "1"]
[SourceVersionDate "2020.05.31"]
[SourceQuality "1"]

1. Nf3 Nf6 2. c4 e6 3. g3 d5 4. Bg2 dxc4 5. Qa4+ Bd7 6. Qxc4 c5 7. Ne5 Qc8 8. Nxd7 Qxd7 9. Nc3 Nc6 10. 0-0 Be7 11. d3 0-0 12. a4 Rac8 13. a5 Nd4 14. Qa4 Rfd8 15. e3 Nc6 16. a6 bxa6 17. Qxa6 Nb4 18. Qxa7 Nxd3 19. Qxd7 Rxd7 20. Na4 Rb8 21. h3 g6 22. Rd1 c4 23. e4 Nxc1 24. Raxc1 Rb4 25. Rxd7 Nxd7 26. Nc3 Rxb2 27. Nd1 Rd2 28. Ne3 Bc5 29. Rxc4 Bxe3 30. fxe3 Ne5 31. Rd4 Rc2 32. Rd1 Re2 33. Kf1 Rxe3 34. Kf2 Ra3 35. Rd2 Kg7 36. Bf1 Rf3+ 37. Kg2 h5 38. Rd4 Kf6 39. Be2 Re3 40. Kf2 Ra3 41. h4 Rb3 42. Ra4 Rb2 43. Ke3 Rc2 44. Rd4 Rc3+ 45. Kf2 Ra3 46. Rb4 Ng4+ 47. Bxg4 hxg4 48. e5+ Kxe5 49. Rxg4 Rd3 50. Ra4 f5 51. Ra6 Rd6 52. Ra4 Kf6 53. Ke3 Rb6 54. Ra3 e5 55. Rc3 Kg7 56. Kf3 Kh6 57. Rc8 Rb3+ 58. Kg2 e4 59. Rh8+ Kg7 60. Rc8 Rb2+ 61. Kf1 Rh2 62. Kg1 Rd2 63. Kf1 Kf6 64. Rc6+ Kf7 65. Ra6 Rd7 66. Kg2 Kg7 67. Rb6 Kh6 68. Rb8 Re7 69. Rh8+ Kg7 70. Rb8 Kf6 71. Kf2 Re6 72. Ke3 Ra6 73. Kf4 Ra3 74. Rb6+ Kg7 75. g4 Rf3+ 76. Kg5 e3 77. Rxg6+ Kf7 78. Rf6+ Ke7 79. gxf5 Rg3+ 80. Kf4 Kxf6 81. Kxg3 Kxf5 82. Kf3 e2 83. Kxe2 Kg4 1/2-1/2

[Event "Mediterranean Flower (Women) 20th"]
[Site "Rijeka"]
[Date "2020.03.05"]
[Round "7"]
[White "Radikovic, Anamarija"]
[Black "Eryshkanova, Anastasiya"]
[Result "1/2-1/2"]
[WhiteElo "1996"]
[BlackElo "2189"]
[PlyCount "76"]
[EventDate "2020.03.01"]
[EventType "tourn"]
[EventRounds "9"]
[EventCountry "CRO"]
[SourceTitle "CBM 195 Extra"]
[Source "ChessBase"]
[SourceDate "2020.05.31"]
[SourceVersion "1"]
[SourceVersionDate "2020.05.31"]
[SourceQuality "1"]

1. d4 Nf6 2. c4 e6 3. Nf3 d5 4. Nc3 Be7 5. cxd5 exd5 6. Bg5 c6 7. e3 Nh5 8. Bxe7 Qxe7 9. Qc2 Be6 10. Bd3 g6 11. 0-0 0-0 12. Ne2 Nd7 13. Rfc1 Ng7 14. Nf4 Bf5 15. Rab1 a5 16. a3 a4 17. Re1 Bxd3 18. Nxd3 Nf5 19. Nfe5 Nxe5 20. Nxe5 Nd6 21. Rbc1 Ra5 22. Qd1 Rfa8 23. Qf3 Rb5 24. Rc2 Rb3 25. Qf4 f6 26. Ng4 Rf8 27. h4 h5 28. Nh2 Qe4 29. Qxe4 Nxe4 30. Ree2 Ra8 31. Nf3 Nd6 32. Nd2 Rb5 33. Nb1 Kf7 34. Nc3 Rba5 35. Na2 Re8 36. g3 Re7 37. Kg2 Ra8 38. Nb4 Rae8 1/2-1/2